Ferdinand de Sausurre

Guardat en:
Dades bibliogràfiques
Autors principals: Nethol, Ana María (autora), Benveniste, Emile (Autor), Godel, Robert (Autor), Greimas, Algirdas Julien (Autor), Hjelmslev, Louis (Autor), Saussure, Ferdinand de (Autor), Starobinski, Jean (Autor), Wells, Rulon S (Autor)
Format: Llibre
Idioma:espanyol
Publicat: Buenos Aires Siglo Veintiuno 1971
Col·lecció:Lingüística
Matèries:
Etiquetes: Afegir etiqueta
Sense etiquetes, Sigues el primer a etiquetar aquest registre!

MARC

LEADER 00000nam a2200000 a 4500
001 UCQ2375
003 CL-VaPUC
008 980724e19710000AG |||||||||||||||||spa|d
082 0 4 |a 410  |b NET  |2 21 
100 |a Nethol, Ana María  |e autora  |9 416252 
700 0 |a Benveniste, Emile  |e author  |9 416253 
700 0 |a Godel, Robert  |e author  |9 416254 
700 |a Greimas, Algirdas Julien  |e author  |9 568673 
700 |a Hjelmslev, Louis  |e author  |9 519929 
700 0 |a Saussure, Ferdinand de  |e author  |9 350677 
700 |a Starobinski, Jean   |e author  |9 324798 
700 0 |a Wells, Rulon S  |e author  |9 416257 
245 1 0 |a Ferdinand de Sausurre 
300 |a 173 p 
942 |c BK 
945 |d 19980724 00:00:00  |a crobeson 
260 |a Buenos Aires  |b Siglo Veintiuno  |c 1971 
650 0 |a Lingüística  |9 265068 
650 7 |a TEORIA LINGUISTICA  |2 CL-VaPUC  |9 334835 
650 0 |a Semiología  |9 317916 
650 0 |a Crítica e interpretación   |9 255042 
583 |a last modification  |c 19980724 00:00:00  |k Rodrigo Vera 
490 0 |a Lingüística 
999 |c 273204  |d 273202 
952 |0 0  |1 0  |4 0  |6 410_000000000000000_NET_1971  |7 0  |8 A  |9 308581  |a BIBEDU  |b BIBEDU  |d 2019-11-20  |i 1439863  |o 410 NET 1971  |p 1439863  |r 2019-11-20  |w 2019-11-20  |y BK  |k LIT 
952 |0 0  |1 0  |4 0  |6 410_000000000000000_NET_1971  |7 0  |8 A  |9 308582  |a BIBEDU  |b BIBEDU  |d 2019-11-20  |i 1439871  |o 410 NET 1971  |p 1439871  |r 2019-11-20  |w 2019-11-20  |y BK  |k LIT